Diseño de una Pasta Bituminosa de Slurry Seal aplicando el método de superficie de respuesta
Presenta el diseño de una pasta de slurry seal, esta es una mezcla de agregado con granulometría cerrada, emulsión asfáltica, aditivo y agua. La mezcla se utiliza como un tratamiento de superficial de carpetas asfálticas.
| Main Author: | |
|---|---|
| Other Authors: | |
| Format: | Tesis Section = Libro |
| Language: | Undetermined Spanish |
| Published: |
Managua
UNI
2021
|
| Subjects: |
| LEADER | 01001nam a2200253Ia 4500 | ||
|---|---|---|---|
| 008 | 240830s9999 xx 000 0 und d | ||
| 040 | |a CEDOC DACA-RUSB / Mon 666.95 B224 | ||
| 041 | |a spa | ||
| 082 | |a Mon 666.95 B224 | ||
| 100 | 1 | |a Barahona Colindres, Jassir Rasec | |
| 245 | 1 | 0 | |a Diseño de una Pasta Bituminosa de Slurry Seal aplicando el método de superficie de respuesta |
| 260 | |a Managua |b UNI |c 2021 | ||
| 300 | |a 83 p. :il | ||
| 502 | |a Tesis (Ingeniero Químico) -UNI, 2021. | ||
| 520 | 3 | |a Presenta el diseño de una pasta de slurry seal, esta es una mezcla de agregado con granulometría cerrada, emulsión asfáltica, aditivo y agua. La mezcla se utiliza como un tratamiento de superficial de carpetas asfálticas. | |
| 650 | 7 | |a PASTA BITUMINOSA | |
| 650 | 7 | |b PRODUCTOS ASFALTICOS | |
| 650 | 7 | |c PASTA ASFALTICA | |
| 650 | 7 | |d PAVIMENTOS | |
| 650 | 7 | |e METODO DE SUPERFICIE. | |
| 700 | 1 | |a Tutor: |b Vílchez M, José Francisco | |
| 942 | |c BK |2 ddc | ||
| 991 | |a TESIS | ||
| 999 | |c 26389 | ||